000 00961nam a22001937a 4500
003 BR-ViAPE
005 20260422115703.0
008 260422s1906 por gs||||s000 0 por d
040 _cBR-ViAPE
110 _aEspírito Santo
_bEstado
245 _aMensagem apresentada ao Congresso Legislativo na abertura da terceira sessão da quinta legislatura pelo Presidente do Estado Coronel Henrique da Silva Coutinho em 9 de outubro de 1906
260 _aVitória
_bPapelaria e Typographia Nelson Costa & Comp.
_c1906
300 _a25 p.
_bDocumento digitalizado (PDF)
500 _aDocumento digitalizado do acervo institucional do Arquivo Público do Estado do Espírito Santo - APEES.
650 _aAdministração pública
_zEspírito Santo
651 _aEspírito Santo
_xAdministração pública
856 _uhttps://ape.es.gov.br/Media/ape/PDF/Mensagens/Mensagem-2024/Mensagem%20-%20ano%201906.pdf
_yCLIQUE AQUI PARA ACESSAR O DOCUMENTO
942 _2ddc
_cMSGREL
_n1
999 _c541
_d541